书目信息 |
| 题名: |
社会研究方法
|
|
| 作者: | 巴比 著 ;邱泽奇 译 | |
| 分册: | ||
| 出版信息: | 北京 华夏出版社 2005 |
|
| 页数: | 551页 | |
| 开本: | 24cm | |
| 丛书名: | 社会学教材经典译丛 | |
| 单 册: | ||
| 中图分类: | C91-03 | |
| 科图分类: | ||
| 主题词: | 社会学--研究方法--教材 , 社会学 , 研究方法 | |
| 电子资源: | ||
| ISBN: | 978-7-5080-3771-4 | |
| 000 | 01126oam2 2200313 45 | |
| 005 | 20100301112949.60 | |
| 010 | @a978-7-5080-3771-4@dCNY68.00 | |
| 100 | @a20100121e20082005em y0chiy0110 ea | |
| 101 | 1 | @achi@ceng |
| 102 | @aCN@b110000 | |
| 105 | @aa z 000yy | |
| 106 | @ar | |
| 200 | 1 | @a社会研究方法@AShe Hui Yan Jiu Fang Fa@dThe Practice of Social Research@f(美) 艾尔·巴比(Earl Babbie)著@F( Mei ) Ai Er· Ba Bi (Earl Babbie) Zhu@g邱泽奇译@zeng |
| 210 | @a北京@c华夏出版社@d2005@h2008 | |
| 215 | @a551页@c图@d24cm | |
| 225 | 2 | @a社会学教材经典译丛 |
| 305 | @a据原书第10版译出 | |
| 308 | @a丛书主编:马戎,李培林 | |
| 330 | @a本书讨论范围广泛,论述严密,从社会理论基本范式到学科报告撰写,从社会研究的基本概念到各种复杂技术方法,深入浅出,循序渐进。 | |
| 461 | 0 | @12001 @a社会学教材经典译丛 |
| 510 | 1 | @aThe Practice of Social Research@zeng |
| 606 | 0 | @a社会学@x研究方法@j教材 |
| 606 | 0 | @a社会学 |
| 606 | 0 | @a研究方法 |
| 690 | @aC91-03@v4 | |
| 701 | 1 | @a巴比@ABa Bi@g(Babbie,Earl)@4著 |
| 702 | 0 | @a邱泽奇@AQiu Ze Qi@4译 |
| 801 | 0 | @aCN@bTANGWEI@c20100301 |
| 905 | @b0585334-36@dC91-03@e657@f3 | |
| 社会研究方法=The Practice of Social Research/(美) 艾尔·巴比(Earl Babbie)著/邱泽奇译.-北京:华夏出版社,2005(2008) |
| 551页:图;24cm.-(社会学教材经典译丛) |
| ISBN 978-7-5080-3771-4:CNY68.00 |
| 本书讨论范围广泛,论述严密,从社会理论基本范式到学科报告撰写,从社会研究的基本概念到各种复杂技术方法,深入浅出,循序渐进。 |
| ● |
| 相关链接 |
|
|
|
|
正题名:社会研究方法
索取号:C91-03/657
 
预约/预借
| 序号 | 登录号 | 条形码 | 馆藏地/架位号 | 状态 | 备注 |
| 1 | 0585334 | 205853343 | 第一样本阅览室/ [索取号:C91-03/657] | 在馆 | |
| 2 | 0585335 | 205853352 | 第一借阅区/ [索取号:C91-03/657] | 在馆 | |
| 3 | 0585336 | 205853361 | 第一借阅区/ [索取号:C91-03/657] | 在馆 |